Sacrosancti et oecumenici Concilii Tridentini, Paulo III Julio III et Pio IV Pontificibus Maximis celebrati canones et decreta

Detalles Bibliográficos
Otros Autores: Chiffletius, Felipe (Revisador)
Formato: Libro
Lenguaje:Latin
Publicado: Antuerpiae 1639
Materias:
Colección:Banco de datos
Acervo:Biblioteca Armando Olivares Carrillo de la Universidad de Guanajuato. Fondo Conventos
Descripción Física:[22], 270, LVI p., [35] h. 8°
Tema general:Derecho eclesiástico
Notas:Falta portada
Datos tomados del Catálogo de la Biblioteca Palafoxiana 3352
Marca de fuego: Convento de san Antonio de Padua de san Miguel el Grande, (Allende), Gto.
Daños de mutilación, faltan las primeras 22 hojas. El ejemplar de la biblioteca tiene 270, LVI p., [35] h.
Falta encuadernación
LEADER 01087nam a22002290004500
035 |a 5245 
041 0 |a lat 
050 4 |a BR115.L28  |b B8 
245 1 0 |a Sacrosancti et oecumenici Concilii Tridentini, Paulo III Julio III et Pio IV Pontificibus Maximis celebrati canones et decreta  |c quid in hac editione praestitum sit sequens Philippi Chiffleti... praefatio indicabit 
260 |a Antuerpiae  |b apud Joannem Baptista Verdussen  |c 1639 
300 |a [22], 270, LVI p., [35] h.  |c 8° 
500 |a Falta portada 
500 |a Datos tomados del Catálogo de la Biblioteca Palafoxiana 3352 
500 |a Marca de fuego: Convento de san Antonio de Padua de san Miguel el Grande, (Allende), Gto.  
500 |a Daños de mutilación, faltan las primeras 22 hojas. El ejemplar de la biblioteca tiene 270, LVI p., [35] h. 
500 |a Falta encuadernación  
650 1 0 |a Derecho eclesiástico 
700 1 |a Chiffletius, Felipe  |e rev. 
949 |a CO. 9586 
942 |c GUANAJUATO 
943 |g Biblioteca Armando Olivares Carrillo de la Universidad de Guanajuato. Fondo Conventos 
999 |c 1149202  |d 1149202